[Event "SWE-chT 0405"]
[Site "Sweden"]
[Date "2004.??.??"]
[Round "5"]
[White "Welin, Thomas"]
[Black "Jaderberg, Bjorn"]
[Result "1/2-1/2"]
[WhiteElo "2382"]
[BlackElo "2275"]
[PlyCount "60"]
[EventDate "2004.11.05"]
[EventType "team"]
[EventRounds "11"]
[EventCountry "SWE"]
[SourceTitle "EXT 2006"]
[Source "ChessBase"]
[SourceDate "2005.11.24"]
[SourceVersion "1"]
[SourceVersionDate "2005.11.24"]
[SourceQuality "1"]
[WhiteTeam "Sodra"]
[BlackTeam "Farsta"]
[WhiteTeamCountry "SWE"]
[BlackTeamCountry "SWE"]

1. c4 Nf6 2. Nc3 c5 3. g3 g6 4. Bg2 Bg7 5. e4 Nc6 6. Nge2 0-0 7. d3 d6 8. h3 Bd7 9. 0-0 a6 10. Be3 Rb8 11. a4 Na5 12. e5 dxe5 13. Bxc5 b6 14. Ba3 Bc6 15. b4 Bxg2 16. Kxg2 Nb7 17. b5 axb5 18. axb5 Nd6 19. Na2 e4 20. Nb4 Ra8 21. Nc6 Qc7 22. Bxd6 Qxd6 23. d4 Nd7 24. Rxa8 Rxa8 25. Qc2 f5 26. Rd1 Qa3 27. Qc3 Kf7 28. Qxa3 Rxa3 29. Rb1 e5 30. dxe5 Nxe5 1/2-1/2